| 000 | 00448nam a2200181Ia 4500 | ||
|---|---|---|---|
| 008 | 240925s9999 xx 000 0 und d | ||
| 020 | _a750649437 | ||
| 082 | _a658.054678 JAM | ||
| 100 | _aJamice, Burn. | ||
| 245 | 0 | _aE-Business Strategies for Virtual Organizations | |
| 250 | _aNA | ||
| 260 |
_aOxford: _bNewness _c,2002. |
||
| 300 |
_axx,888p. _bNA _fOriginal |
||
| 500 | _aNA | ||
| 600 | _aManagement | ||
| 650 | _aManagement | ||
| 942 | _cBK | ||
| 999 |
_c6638 _d6638 |
||